=LDR 00000nam 2200000 4500 =001 INLIS000000000014822 =005 20130612110112 =008 ***********************************Ind** =035 ##$$0010-061300000014822 =041 ##$$a Ind =082 ##$$a 615 =090 ##$$a 615, Tam f =100 ##$$a Tambayong, Jan =245 ##$$a Farmakologi untuk keperawatan, Jan Tambayong =260 ##$$a 2001 $b Jakarta =300 ##$$a ix, 155 hlm, 20,5 cm =650 ##$$a Farmakologi =850 ##$$a NBPNMAT